Sports Quiz

Random Sports or NBA Quiz

NBA All-Star Weekend 2017 Participants Quiz Stats

 Plays Quiz not verified by Sporcle

Also try: Sports by Emoji
Challenge
Share
Tweet
Embed
Score 0/68 Timer 10:00
0 Plays Today
Player % Correct
LeBron James
98.2%
Kyrie Irving
97.4%
Kyrie Irving
97.4%
Stephen Curry
97.1%
James Harden
96.9%
Klay Thompson
96.9%
Klay Thompson
96.9%
Kemba Walker
96.7%
Kemba Walker
96.7%
Paul George
96.5%
John Wall
96.5%
Kevin Durant
96.5%
John Wall
96.5%
Isaiah Thomas
96.3%
Isaiah Thomas
96.3%
DeMar DeRozan
96%
Kyle Lowry
96%
Carmelo Anthony
96%
Anthony Davis
96%
Draymond Green
96%
Kyle Lowry
96%
Anthony Davis
96%
Jimmy Butler
95.8%
DeMarcus Cousins
95.8%
DeMarcus Cousins
95.8%
Kevin Love
95.6%
DeAndre Jordan
95.6%
DeAndre Jordan
95.6%
Kawhi Leonard
95.4%
Gordon Hayward
95.4%
Gordon Hayward
95.4%
Marc Gasol
94.7%
Russell Westbrook
94.5%
Paul Millsap
93.6%
Player % Correct
Devin Booker
93%
Devin Booker
93%
Aaron Gordon
91.4%
Eric Gordon
91.2%
Giannis Antetokounmpo
90.8%
Kristaps Porzingis
87.9%
Kristaps Porzingis
87.9%
Joel Embiid
85.7%
Joel Embiid
85.7%
Nikola Jokic
84.2%
CJ McCollum
84.2%
Nikola Jokic
84.2%
Karl-Anthony Towns
82.2%
D’Angelo Russell
79.6%
Brandon Ingram
75.8%
Glenn Robinson
75.2%
Wes Matthews
69%
Myles Turner
68.4%
Malcolm Brogdon
67%
Derrick Jones
67%
Nick Young
67%
Jamal Murray
66.4%
Jonathon Simmons
65.7%
Emmanuel Mudiay
60.7%
Marquese Chriss
59.8%
Buddy Hield
59.3%
Jahlil Okafor
59.1%
Dario Saric
59.1%
Frank Kaminsky
56.5%
Danté Exum
54.7%
Domantas Sabonis
52.7%
Willy Hernangomez
46.2%
Trey Lyles
40.9%
Alex Abrines
40.2%

You're not logged in!

Compare scores with friends on all Sporcle quizzes.
OR
Log In

You Might Also Like...

Show Comments

Extras

Top Quizzes Today


Score Distribution

Your Account Isn't Verified!

In order to create a playlist on Sporcle, you need to verify the email address you used during registration. Go to your Sporcle Settings to finish the process.

Report this User

Report this user for behavior that violates our Community Guidelines.

Details: